Statistics for College Football Matchups: Wake Forest

Click here to take the quiz!

General Stats

  • This quiz has been taken 46 times
    (6 since last reset)
  • The average score is 14 of 16

Answer Stats

# of GamesOpponentLast Meeting% Correct
29Boston College10/22/2022
100%
89Clemson10/07/2023
100%
103Duke11/02/2023
100%
41Florida State10/28/2023
100%
32Georgia Tech09/23/2023
100%
62Maryland10/19/2013
100%
117NC State11/11/2023
100%
110North Carolina11/12/2022
100%
51Virginia09/24/2021
100%
40Virginia Tech10/14/2023
100%
23Appalachian State09/23/2017
83%
*18Army10/08/2022
83%
30Davidson09/09/1972
67%
56South Carolina11/14/1987
67%
*18Vanderbilt09/09/2023
67%
20William & Mary09/07/1985
67%

Score Distribution

Percentile by Number Answered

Percent of People with Each Score

Your Score History

You have not taken this quiz since the last reset